|
|
|
|
| LEADER |
00000nam0a2200000 4500 |
| 001 |
273375 |
| 005 |
20231101234626.0 |
| 020 |
|
|
|a RU
|b 87-48064
|
| 035 |
|
|
|a (RuTPU)RU\TPU\book\296584
|
| 090 |
|
|
|a 273375
|
| 100 |
|
|
|a 20141024d1987 k y0rusy5003 ca
|
| 101 |
0 |
|
|a rus
|
| 102 |
|
|
|a RU
|
| 105 |
|
|
|a a z 001zy
|
| 200 |
1 |
|
|a Петрология ийолит-уртитов Хибин и закономерности размещения в них залежей апатита
|f А. А. Арзамасцев, Т. Н. Иванова, А. Н. Коробейников
|g Академия наук СССР (АН СССР), Кольский научный центр (КолНЦ), Геологический институт (ГИ) ; отв. ред. О. Б. Дудкин
|
| 210 |
|
|
|a Ленинград
|c Наука
|d 1987
|
| 215 |
|
|
|a 110 с.
|c ил.
|d 22 см
|
| 320 |
|
|
|a Библиогр.: с. 104-109 (120 назв.)
|
| 606 |
1 |
|
|a Ийолиты
|x Минералогический состав
|2 stltpush
|3 (RuTPU)RU\TPU\subj\12372
|9 39167
|
| 610 |
1 |
|
|a щелочные горные породы
|
| 610 |
1 |
|
|a апатитовые месторождения
|
| 610 |
1 |
|
|a хибины
|
| 610 |
1 |
|
|a геология
|
| 610 |
1 |
|
|a породообразующие минералы
|
| 610 |
1 |
|
|a химизм
|
| 610 |
1 |
|
|a типоморфные особенности
|
| 610 |
1 |
|
|a генезис
|
| 675 |
|
|
|a 552.331
|z rus
|v 3
|
| 700 |
|
1 |
|a Арзамасцев
|b А. А.
|g Андрей Александрович
|4 070
|
| 701 |
|
1 |
|a Иванова
|b Т. Н.
|g Татьяна Николаевна
|
| 701 |
|
1 |
|a Коробейников
|b А. Н.
|g Александр Николаевич
|
| 702 |
|
1 |
|a Дудкин
|b О. Б.
|4 340
|
| 712 |
0 |
2 |
|a Академия наук СССР (АН СССР)
|b Кольский научный центр (КолНЦ)
|b Геологический институт (ГИ)
|c (Апатиты)
|2 stltpush
|3 (RuTPU)RU\TPU\col\18176
|
| 801 |
|
0 |
|a RU
|b RuMRKP
|c 19950417
|g psbo
|
| 801 |
|
1 |
|a RU
|b 63413507
|c 20141024
|
| 801 |
|
2 |
|a RU
|b 63413507
|c 20180110
|g RCR
|
| 942 |
|
|
|c BK
|